Quizzes
Events
Quiz Creation
Community
Videos
Private Events
Remove Ads
Sign In
Join for FREE
Feedback
Dark Mode
Quiz Categories
Sports
Geography
Music
Movies
Television
Just For Fun
Miscellaneous
History
Literature
Language
Science
Gaming
Entertainment
Religion
Holiday
For Kids
Quiz Lab
Recent
Popular Today
Quiz Kudos Today
Editor Picks
Curator Picks
Quizzes by...
Day
Popularity
Type
Ratings
Length
Year
Community
Subscriptions
Recent Discussions
Orange Saloon
Badges
Playlists
Quests
Create
Leaderboards
Showdown
Live 5
Trivia Bingo
Activity
Puzzle Library
Sporcle Events
Private Events
Virtual Trivia
Globe League
Become a Host
Pub Owners
SporcleCon
Opinionation
Our Games
Videos
Blog
Mobile Apps
Partnerships
Remove Ads and Go Orange
Feedback
Music
Pop Music
The Beatles
Song
Album
Lyrics
Bands
Singers
Artist
Clip
Rock
Rap
Classical
Billboard
Country Music
Kpop
Taylor Swift
Music
Pop Music
The Beatles
Song
Album
Lyrics
Bands
Singers
Artist
Clip
Rock
Rap
Classical
Billboard
Country Music
Kpop
Taylor Swift
Random Quiz
Search Sporcle
×
Quiz Lab
Quiz Lab
Music
Lyrics
Type in answers that appear in a list
Type in answers that appear in a list
Classic
Best Score? Go Orange.
Figure out the Lyrics - Paramore Stats
Can you name the Figure out the Lyrics - Paramore?
By
chip492513
10m
221 Questions
3,114 Plays
3,114 Plays
3,114 Plays
Comments
Comments
Give Quiz Kudos
Give Quiz Kudos
-
- Ratings
hide this ad
Replay
Link that replays current quiz
Next Quiz
Link to next quiz in quiz playlist
You Got
0%
They Got
Avg Score
62%
Avg Friend Score
Upgrade to see
Score Distribution
Jump to the score distribution portion of the page
Score
0/221
Timer
10:00
0
Plays Today
% Correct
a
92.3%
the
92.3%
and
92.3%
a
92.3%
the
92.3%
the
92.3%
the
92.3%
the
92.3%
the
92.3%
and
92.3%
a
92.3%
the
92.3%
the
92.3%
the
92.3%
and
92.3%
the
92.3%
a
92.3%
and
92.3%
the
92.3%
the
92.3%
the
92.3%
the
92.3%
92.3%
a
92.3%
a
92.3%
a
92.3%
and
92.3%
the
92.3%
and
92.3%
she
91%
you
86.8%
you
86.8%
you
86.8%
you
86.8%
you
86.8%
you
86.8%
in
79.3%
in
79.3%
in
79.3%
in
79.3%
in
79.2%
to
77.8%
to
77.8%
to
77.8%
to
77.8%
to
77.8%
he
76.9%
it
76.4%
it
76.4%
it
76.4%
it
76.4%
it.
76.4%
it
76.4%
be
73.6%
on
73.4%
on
73.4%
on
73.4%
She
72.7%
go
71.9%
your
71.6%
your
71.6%
your
71.6%
your
71.6%
your
71.6%
your
71.6%
your
71.6%
your
71.6%
your
71.6%
your
71.6%
that
70.9%
of
70.1%
of
70.1%
of
70.1%
of
70.1%
% Correct
of
70.1%
So
69.8%
so
69.8%
for
68.3%
can
66.6%
can
66.6%
her,
66.5%
her
66.5%
Her
66.5%
her,
66.5%
is
66.2%
too
65.4%
us
64.4%
But
64%
But
64%
It's
64%
it's
64%
it's
64%
get
63.2%
all
62.8%
all
62.8%
I
62.6%
I
62.6%
I
62.6%
are
62.6%
lives
62.3%
was
61.8%
world
60.9%
world
60.9%
world
60.9%
world
60.9%
Well
59.9%
we'll
59.9%
well
59.9%
Well
59.9%
find.
59.7%
fairy
59.5%
tale
59.4%
far
59.1%
If
58.4%
if
58.4%
by
58.3%
she's
57.4%
she's
57.4%
left
56.8%
castle,
56.7%
castle.
56.7%
not
56.7%
somewhere
56.3%
up
55.6%
up
55.6%
up
55.6%
up
55.6%
behind.
55.3%
bury
55.3%
bury
55.3%
brick
54.9%
brick
54.9%
off
54.6%
shovel,
54.6%
smell
54.5%
boring
54.4%
taste
54.3%
deep
54.3%
out.
54.2%
where
54.2%
now
54.2%
ground
53.9%
ground.
53.9%
ground
53.9%
hole,
53.7%
can't
53.7%
can't
53.7%
dig
53.6%
% Correct
about
53%
told
52.2%
clouds.
52%
one
52%
Just click space for the next one, I don't wanna type out the chorus
52%
see
52%
heart,
51.8%
Forgotten
51.6%
feet
51.3%
feet
51.3%
want
51.3%
butterflies.
51.3%
wings
51.1%
Keep
51%
Keep
51%
down.
50.5%
with
50.1%
with
50.1%
head's
50%
head's
50%
make
49.7%
day
49.6%
ripping
49.3%
feel
49.2%
or
49.1%
exposure
49%
came
49%
clock
49%
real
48.8%
real
48.8%
trick
48.7%
figure
48%
save
47.8%
rest
47.6%
twelve,
47.5%
struck
47.2%
life
46.9%
prince
46.2%
finally
46.2%
because
46%
dirty
45.5%
eyes,
45.5%
gonna
45.4%
lens
45.1%
sure
45.1%
won't
44.8%
build
44.3%
magic
44%
magic
44%
magic.
44%
found
43.9%
angles
43.6%
crying
43.5%
hand,
43.3%
that's
43.3%
blow
43.2%
coiled
42.9%
tragic
42.5%
hold
42.4%
believe
41.5%
wrong
41.2%
dark
41.1%
built
40.8%
built
40.8%
built
40.8%
even
40.7%
true
40%
oh
40%
house
39.1%
wolf's
39%
yeah
37.8%
while
28.2%
while
28.2%
Quiz Playlist
Details
Report
Send in Message
Add To Playlist
Classic:
Type in answers that appear in a list
Last Updated: Jun 29, 2017
Quiz Scoreboard
CHALLENGE
Sign Up to Join the Scoreboard
Show All
Scores
Hide
Comments
May contain spoilers
Recently Published
1-10 Letter E Words III
by El_Dandy
Language
2m
One Thing in Common: World Cities II
by knightlancer
Geography
7m
Popular People in 1961
by mucciniale
History
6m
More to Explore
Quiz From the Vault
Featured Blog Post
Where Did the Easter Bunny Come From?
hide this ad
You Might Also Like...
Tags
Lyrics Quiz
Figure Out the Lyrics
paramore
Paramore Song
Today's Top Quizzes in Music
Browse Music
hide this ad
Today's Top Quizzes in Lyrics
Browse Lyrics
Top Contributed Quizzes in Music
1
Taylor Swift All Songs (2024)
2
2010s Album by Cover III
3
Taylor Swift Logic Puzzle
4
One Thing in Common: Music
5
Guess the Artist- 70s Songs
6
Guess the Taylor Swift song (Mystery Song)
7
2010s Album by Cover V
8
2010s Album by Cover IV
9
Lana Del Rey Discography (BTD to DYKTTATUOB)
10
KPOP LOGIC QUIZ
Explore More
Trending Topics
Crossword
Marvel
Harry Potter
NBA
Kpop
Disney
Anime
Song
Puzzle
WWE
Country
NFL
Pokémon
The Office
Soccer
hide this ad
More By:
chip492513
Quiz
Plays
Rating
Category
Featured
Created
Figure out the Lyrics - Paramore
3,114
3.54
Music
Dec 20, 2011
The Maze Runner Characters
2,731
4.00
Literature
Jul 19, 2014
The Maze Runner A-Z
2,204
4.00
Movies
Jul 19, 2014
Dance Moms Group Dances
1,293
2.71
Television
Oct 15, 2012
Figure out the Lyrics - Dance Moms
1,230
2.83
Television
Feb 23, 2013
Go to Creator's Profile
Score Distribution
Quiz Creator Spotlight
chip492513
Follow
Send a Message
Quizzes Created
-
Created Quiz Play Count
-
More By This Creator
Popular Quizzes Today
1
Find the US States - No Outlines Minefield
2
The Countries of the World
3
Find the Countries of Europe - No Outlines Minefield
4
Popular People in 1961
5
1-10 Letter E Words III
6
Find the US States
7
One Thing in Common: World Cities II
8
US States
More Music Quizzes
Lead Singers by Band Blitz
Curator's Pick
Trending Quizzes
Risky Map Clicking: Least Populous States A-Z
1-10 Letter F Words
1-10 Letter G Words
One Thing in Common: United Kingdom
Risky Map Clicking: Next State Alphabetically
Recently Updated
Leaping Animals
pecheneg
Reality TV Shows (A-Z)
bhenderson79
Rickey Henderson's Hall of Fame Teammates
pecheneg
Champions League XIs: Arsenal
pecheneg
Quick Pick: Celebrities in WWE's Hall of Fame
aduchscher
A-Z Keypad Blitz II
pecheneg
Multiple Oscar Actors
pecheneg
Mystery Phrase Blitz: Oscar 'Best Actors'
pecheneg
F. Scott Fitzgerald Novels
LTH
Pick 3 Villains
ddd62291
Trending Topics
Marvel
Crossword
Disney
Anime
Harry Potter
NBA
Kpop
Soccer
NFL
Song
WWE
Puzzle
Country
Pokémon
The Office
Your Account Isn't Verified!
In order to create a playlist on Sporcle, you need to verify the email address you used during registration. Go to your
Sporcle Settings
to finish the process.
Report this User
Report this user for behavior that violates our
Community Guidelines
.
Details:
Send Report
Go to the Sporcle.com Mobile Site →
Comments